[Event "AUT-chT2O 2223"]
[Site "Austria"]
[Date "2022.11.19"]
[Round "3.3"]
[White "Herman, Diego"]
[Black "Bonk, Andras"]
[Result "1/2-1/2"]
[WhiteElo "2185"]
[BlackElo "2176"]
[PlyCount "95"]
[EventDate "2022.10.15"]
[EventType "team-tourn"]
[EventRounds "11"]
[EventCountry "AUT"]
[SourceTitle "CBM 213 Extra"]
[Source "ChessBase"]
[SourceDate "2023.05.31"]
[SourceVersion "1"]
[SourceVersionDate "2023.05.31"]
[SourceQuality "1"]
[WhiteTeam "Wien Austria"]
[BlackTeam "Kottingbrunn"]
[WhiteTeamCountry "AUT"]
[BlackTeamCountry "AUT"]

1. Nf3 c5 2. a3 Nc6 3. e4 Nf6 4. Nc3 e6 5. Bb5 Nd4 6. e5 Nxb5 7. Nxb5 Nd5 8. c4 Nb6 9. d3 d5 10. Bg5 Qd7 11. Qb3 h6 12. Bf4 Qc6 13. 0-0 Be7 14. a4 Bd7 15. Nd6+ Bxd6 16. exd6 dxc4 17. dxc4 Qe4 18. Bg3 Qxc4 19. Qe3 Nd5 20. Qa3 Qb4 21. Rfc1 Qxa3 22. Rxa3 Rc8 23. Ne5 f6 24. Ng6 Rg8 25. a5 Kf7 26. Nf4 Nxf4 27. Bxf4 Rc6 28. h4 Rgc8 29. Be3 e5 30. f4 Ke6 31. fxe5 fxe5 32. Bf2 g5 33. hxg5 hxg5 34. Rg3 Kf6 35. Rf3+ Ke6 36. Rg3 Kf6 37. Rf3+ Kg6 38. Rd3 b6 39. axb6 axb6 40. Rd5 Be6 41. Rxe5 Rxd6 42. Be3 g4 43. Rf1 Rg8 44. Rg5+ Kh7 45. Rh5+ Kg7 46. Rg5+ Kh7 47. Rh5+ Kg7 48. Rg5+ 1/2-1/2

[Event "AUT-chT2O 2021"]
[Site "Austria"]
[Date "2020.10.18"]
[Round "2.5"]
[White "Herman, Diego"]
[Black "Miazhynski, Yuri"]
[Result "1-0"]
[WhiteElo "2196"]
[BlackElo "2162"]
[PlyCount "75"]
[EventDate "2020.10.17"]
[EventType "team-tourn"]
[EventRounds "11"]
[EventCountry "AUT"]
[SourceTitle "CBM 199 Extra"]
[Source "ChessBase"]
[SourceDate "2021.01.31"]
[SourceVersion "1"]
[SourceVersionDate "2021.01.31"]
[SourceQuality "1"]
[WhiteTeam "Wien Austria"]
[BlackTeam "Bad Voeslau"]
[WhiteTeamCountry "AUT"]
[BlackTeamCountry "AUT"]

1. e4 g6 2. Nc3 Bg7 3. h4 h5 4. d4 d6 5. Be3 a6 6. Qd2 b5 7. a4 b4 8. Nd1 a5 9. c3 Nf6 10. f3 0-0 11. Bd3 e5 12. Ne2 Qe7 13. Nf2 Na6 14. Rc1 bxc3 15. bxc3 Bd7 16. Bg5 d5 17. exd5 exd4 18. cxd4 Qb4 19. Bxf6 Bxf6 20. Ne4 Bxd4 21. Bxa6 Be3 22. Qxb4 axb4 23. Nf6+ Kg7 24. Nxd7 Bxc1 25. Nxf8 Rxa6 26. Nxc1 Kxf8 27. Nd3 Rxa4 28. Kd2 Ra2+ 29. Ke3 b3 30. Rc1 Rxg2 31. Rxc7 g5 32. d6 Rc2 33. Rb7 Rc8 34. hxg5 Rd8 35. d7 Ke7 36. Ne5 Ke6 37. f4 h4 38. Rxb3 1-0

[Event "Utebo Hotel el Aguila-B"]
[Site "Utebo"]
[Date "2018.06.19"]
[Round "4"]
[White "Eizaguerri Floris, Maria"]
[Black "Herman, Diego"]
[Result "1/2-1/2"]
[WhiteElo "1999"]
[BlackElo "2159"]
[PlyCount "94"]
[EventDate "2018.06.18"]
[EventType "tourn"]
[EventRounds "9"]
[EventCountry "ESP"]
[SourceTitle "EXT 2024"]
[Source "ChessBase"]
[SourceDate "2023.10.10"]
[SourceVersion "1"]
[SourceVersionDate "2023.10.10"]
[SourceQuality "1"]

1. d4 d6 2. e4 Nf6 3. Nc3 c6 4. a4 Qa5 5. Bd3 e5 6. dxe5 dxe5 7. Nge2 Nbd7 8. 0-0 Nc5 9. Ng3 Be6 10. Bg5 Rd8 11. Bxf6 gxf6 12. Nh5 Bc4 13. Qf3 Nxd3 14. cxd3 Rxd3 15. Nxf6+ Kd8 16. Rfd1 Rxd1+ 17. Rxd1+ Kc8 18. Nxh7 Be7 19. Ng5 Bxg5 20. Qf5+ Be6 21. Qxg5 Re8 22. h4 Qc7 23. h5 Bb3 24. Rd2 Qe7 25. Qxe7 Rxe7 26. g4 f6 27. Kg2 Be6 28. f3 Kc7 29. Kg3 Rg7 30. Kf2 Rg8 31. Ke3 Rg7 32. Rg2 Bf7 33. h6 Rh7 34. Rh2 Be6 35. Rh4 Kd6 36. f4 exf4+ 37. Kxf4 b6 38. g5 fxg5+ 39. Kxg5 Bg8 40. Kg6 a5 41. Rh2 Ke6 42. e5 Rf7 43. Rg2 Bh7+ 44. Kh5 Rf5+ 45. Kh4 Rf4+ 46. Kh5 Rf5+ 47. Kh4 Rf4+ 1/2-1/2

[Event "Graz op-A"]
[Site "Graz"]
[Date "2015.02.13"]
[Round "1"]
[White "Herman, Diego"]
[Black "Ankit, R Rajpara"]
[Result "0-1"]
[WhiteElo "2148"]
[BlackElo "2479"]
[PlyCount "44"]
[EventDate "2015.02.13"]
[EventType "swiss"]
[EventRounds "9"]
[EventCountry "AUT"]
[SourceTitle "CBM 164 Extra"]
[Source "ChessBase"]
[SourceDate "2015.03.02"]
[SourceVersion "1"]
[SourceVersionDate "2015.03.02"]
[SourceQuality "1"]

1. e4 c6 2. Nc3 d5 3. Nf3 Nf6 4. Qe2 Bg4 5. exd5 Bxf3 6. Qxf3 cxd5 7. d4 Nc6 8. Bg5 e6 9. Bxf6 gxf6 10. Bd3 Nxd4 11. Qh5 f5 12. 0-0 Bg7 13. Rfe1 0-0 14. Re3 h6 15. Rg3 Qf6 16. Re1 Rac8 17. Qd1 Rfd8 18. Nb1 f4 19. Rh3 e5 20. c3 Ne6 21. Bc2 e4 22. Bb3 Ng5 0-1

[Event "Gibraltar Masters 13th"]
[Site "Caleta"]
[Date "2015.02.01"]
[Round "6"]
[White "Nagy, Gabor"]
[Black "Herman, Diego"]
[Result "1-0"]
[WhiteElo "2410"]
[BlackElo "2148"]
[PlyCount "77"]
[EventDate "2015.01.27"]
[EventType "swiss"]
[EventRounds "10"]
[EventCountry "GGB"]
[SourceTitle "CBM 165"]
[Source "ChessBase"]
[SourceDate "2015.03.11"]
[SourceVersion "1"]
[SourceVersionDate "2015.03.11"]
[SourceQuality "1"]

1. e4 g6 2. d4 Bg7 3. Nc3 c6 4. h3 Nf6 5. e5 Nd5 6. Nxd5 cxd5 7. Nf3 0-0 8. Bf4 Qb6 9. Rb1 Nc6 10. c3 f6 11. exf6 Rxf6 12. Bg5 Rf8 13. Be2 d6 14. Qd2 Bf5 15. Rd1 Rae8 16. 0-0 Qa5 17. b4 Qc7 18. Rfe1 a6 19. Nh2 Bd7 20. h4 Nd8 21. h5 Nf7 22. hxg6 hxg6 23. Bd3 Bf5 24. Bxf5 gxf5 25. Re6 Qd7 26. Rde1 Ne5 27. Rxe7 Rxe7 28. Bxe7 Qxe7 29. dxe5 dxe5 30. Qxd5+ Qf7 31. Qd2 e4 32. Nf1 Qc4 33. Rd1 f4 34. Qd7 Qxa2 35. Rd5 Qe2 36. Rg5 Rf7 37. Qe8+ Rf8 38. Qe6+ Kh8 39. Qg6 1-0

[Event "Gibraltar Challengers-A 13th"]
[Site "Caleta"]
[Date "2015.01.29"]
[Round "4"]
[White "Herman, Diego"]
[Black "Gieritz, Dietmar"]
[Result "1-0"]
[WhiteElo "2148"]
[BlackElo "2048"]
[PlyCount "231"]
[EventDate "2015.01.26"]
[EventType "swiss"]
[EventRounds "5"]
[EventCountry "GGB"]
[SourceTitle "CBM 164 Extra"]
[Source "ChessBase"]
[SourceDate "2015.03.02"]
[SourceVersion "1"]
[SourceVersionDate "2015.03.02"]
[SourceQuality "1"]

1. e4 e6 2. d4 d5 3. e5 c5 4. c3 Nc6 5. Nf3 Qb6 6. Bd3 Bd7 7. 0-0 cxd4 8. cxd4 Nxd4 9. Nbd2 Nc6 10. Nb3 f6 11. Be3 Qc7 12. Nc5 g6 13. Rc1 Bg7 14. Nd4 fxe5 15. Ndxe6 Bxe6 16. Nxe6 Qe7 17. Qg4 e4 18. Bb5 Nf6 19. Qh3 Kf7 20. Ng5+ Kg8 21. Bxc6 bxc6 22. Rxc6 h6 23. Ne6 Rh7 24. Rc7 Qd6 25. Rfc1 Bf8 26. R7c6 Qb4 27. Bd4 Rf7 28. Qg3 Kh7 29. Bc3 Qe7 30. Bxf6 Rxf6 31. Rc7 Rxe6 32. Rxe7+ Rxe7 33. Rc7 Rxc7 34. Qxc7+ Bg7 35. Kf1 d4 36. Ke2 a5 37. Qc6 Rb8 38. b3 a4 39. Qxe4 axb3 40. axb3 Rxb3 41. Qd5 Rb2+ 42. Kf3 h5 43. h3 Rc2 44. g4 Rc3+ 45. Kg2 hxg4 46. hxg4 Rd3 47. g5 Rd2 48. Qd7 Re2 49. Qh3+ Kg8 50. Qc8+ Kh7 51. Qh3+ Kg8 52. Qd3 Re5 53. Qxg6 d3 54. Qxd3 Rxg5+ 55. Kf3 Re5 56. Kg4 Kf7 57. f4 Re6 58. Qd7+ Kf6 59. Qd8+ Kf7 60. Qd5 Kf6 61. Qg5+ Kf7 62. Qh5+ Kf6 63. Qf5+ Ke7 64. Qd5 Kf6 65. f5 Re5 66. Qd6+ Kf7 67. Qg6+ Kf8 68. f6 Bh8 69. Qh6+ Kg8 70. Qg6+ Kf8 71. Qh6+ Kg8 72. f7+ Kxf7 73. Qxh8 Rd5 74. Qh7+ Kf6 75. Qe4 Re5 76. Qc6+ Re6 77. Qd5 Re5 78. Qd4 Ke6 79. Kf4 Rf5+ 80. Ke4 Rh5 81. Qb6+ Kf7 82. Qc7+ Kg6 83. Qd6+ Kg5 84. Qe6 Rh4+ 85. Kf3 Rf4+ 86. Kg3 Rf5 87. Qe3+ Kf6 88. Kg4 Re5 89. Qd4 Ke6 90. Kf4 Rh5 91. Qb6+ Kf7 92. Qc6 Ke7 93. Qc7+ Ke6 94. Qd8 Rf5+ 95. Ke4 Re5+ 96. Kd4 Rf5 97. Qe8+ Kf6 98. Ke4 Rg5 99. Qf8+ Kg6 100. Kf4 Rh5 101. Qe8+ Kh6 102. Kg4 Rg5+ 103. Kh4 Rg7 104. Qe6+ Rg6 105. Qf7 Rg4+ 106. Kh3 Rg7 107. Qf4+ Kg6 108. Kg4 Rf7 109. Qg5+ Kh7 110. Kh5 Rg7 111. Qf5+ Kg8 112. Kh6 Rf7 113. Qc8+ Rf8 114. Qe6+ Kh8 115. Qe5+ Kg8 116. Qg7# 1-0

[Event "American Continental 10th"]
[Site "Praia da Pipa"]
[Date "2014.10.24"]
[Round "9"]
[White "Herman, Diego"]
[Black "Macedo, Maximo Valerio"]
[Result "1/2-1/2"]
[WhiteElo "2198"]
[BlackElo "2085"]
[PlyCount "61"]
[EventDate "2014.10.18"]
[EventType "swiss"]
[EventRounds "11"]
[EventCountry "BRA"]
[SourceTitle "EXT 2015"]
[Source "ChessBase"]
[SourceDate "2014.11.20"]
[SourceVersion "1"]
[SourceVersionDate "2014.11.20"]
[SourceQuality "1"]

1. e4 c5 2. a3 e6 3. b4 cxb4 4. axb4 Bxb4 5. c3 Be7 6. d4 d6 7. Bd3 Nc6 8. Nf3 Nf6 9. Nbd2 Qc7 10. 0-0 0-0 11. Re1 e5 12. Bb2 Re8 13. Nc4 Bf8 14. Ne3 Ne7 15. c4 Ng6 16. c5 exd4 17. cxd6 Bxd6 18. Bxd4 Ne5 19. Bxe5 Bxe5 20. Rc1 Qe7 21. Nd5 Nxd5 22. exd5 Qd6 23. Ng5 g6 24. Ne4 Qd8 25. f4 Bg7 26. d6 Bf5 27. Rc7 Bd4+ 28. Kh1 Bxe4 29. Bxe4 Qxd6 30. Rxb7 Rab8 31. Qa4 1/2-1/2

[Event "American Continental 10th"]
[Site "Praia da Pipa"]
[Date "2014.10.22"]
[Round "7"]
[White "Herman, Diego"]
[Black "Ferreira, Kleber Victor"]
[Result "1-0"]
[WhiteElo "2198"]
[BlackElo "2079"]
[PlyCount "33"]
[EventDate "2014.10.18"]
[EventType "swiss"]
[EventRounds "11"]
[EventCountry "BRA"]
[SourceTitle "EXT 2015"]
[Source "ChessBase"]
[SourceDate "2014.11.20"]
[SourceVersion "1"]
[SourceVersionDate "2014.11.20"]
[SourceQuality "1"]

1. Nc3 c5 2. Nf3 Nc6 3. d4 cxd4 4. Nxd4 Nf6 5. Bg5 d6 6. e3 e5 7. Bxf6 gxf6 8. Nxc6 bxc6 9. Qf3 Bd7 10. 0-0-0 f5 11. Bc4 Be7 12. g4 e4 13. Nxe4 d5 14. gxf5 dxc4 15. f6 Bf8 16. Nd6+ Bxd6 17. Rxd6 1-0

[Event "Buenos Aires Duchamp Memorial op 4th"]
[Site "Buenos Aires"]
[Date "2012.10.28"]
[Round "6"]
[White "Nejanky, Maisa"]
[Black "Herman, Diego"]
[Result "0-1"]
[WhiteElo "2050"]
[BlackElo "2192"]
[PlyCount "64"]
[EventDate "2012.10.22"]
[EventType "swiss"]
[EventRounds "9"]
[EventCountry "ARG"]
[SourceTitle "EXT 2013"]
[Source "ChessBase"]
[SourceDate "2012.11.22"]
[SourceVersion "1"]
[SourceVersionDate "2012.11.22"]
[SourceQuality "1"]

1. e4 g6 2. d4 Bg7 3. Nc3 d6 4. f4 a6 5. Nf3 b5 6. Bd3 c5 7. Be3 Nd7 8. a4 b4 9. Nb1 Bb7 10. Nbd2 Ngf6 11. c3 0-0 12. cxb4 cxd4 13. Bxd4 e5 14. fxe5 Nxe5 15. Bxe5 dxe5 16. Qe2 Qb6 17. b5 axb5 18. Bxb5 Bh6 19. Ra3 Rfd8 20. g4 Rac8 21. Nc4 Nxe4 22. g5 Rxc4 23. Bxc4 Qb4+ 24. Kf1 Nxg5 25. Rb3 Qe7 26. Nxg5 Bxg5 27. Rg1 Qf6+ 28. Ke1 Bh4+ 29. Rgg3 Qc6 30. a5 Rd4 31. Rb6 Qh1+ 32. Qf1 Rxc4 0-1

[Event "Internet Section 17-B"]
[Site "Dos Hermanas"]
[Date "2003.03.17"]
[Round "6"]
[White "Herman, Diego"]
[Black "Warner, Delisle"]
[Result "1-0"]
[WhiteElo "2212"]
[BlackElo "2217"]
[PlyCount "63"]
[EventDate "2003.03.17"]
[EventType "swiss (blitz)"]
[EventRounds "9"]
[EventCountry "ESP"]
[SourceTitle "EXT 2004"]
[Source "ChessBase"]
[SourceDate "2003.11.25"]
[SourceVersion "1"]
[SourceVersionDate "2003.11.25"]
[SourceQuality "1"]

1. e4 e6 2. Nf3 d5 3. e5 c5 4. b4 cxb4 5. a3 a5 6. axb4 Bxb4 7. c3 Bc5 8. d4 Bb6 9. Bd3 Ne7 10. Na3 h6 11. Nb5 0-0 12. Ba3 f6 13. 0-0 Nbc6 14. exf6 Rxf6 15. Re1 Ng6 16. Nd6 Nf4 17. Bb1 Bc7 18. Nb5 Bb8 19. Qc2 Rg6 20. g3 Qf6 21. Kh1 Nh3 22. Re3 Rg4 23. Nd6 Bxd6 24. Bxd6 Re4 25. Kg2 Rxe3 26. fxe3 Ng5 27. Nxg5 Qxg5 28. Qh7+ Kf7 29. Qh8 Ne7 30. Bh7 Bd7 31. Rf1+ Nf5 32. Qxa8 1-0

[Event "Internet Section 15-A"]
[Site "Dos Hermanas"]
[Date "2003.03.15"]
[Round "9"]
[White "Herman, Diego"]
[Black "Salas Arros, Cristian Eduardo"]
[Result "0-1"]
[WhiteElo "2212"]
[BlackElo "2343"]
[PlyCount "102"]
[EventDate "2003.03.15"]
[EventType "swiss (blitz)"]
[EventRounds "9"]
[EventCountry "ESP"]
[SourceTitle "EXT 2004"]
[Source "ChessBase"]
[SourceDate "2003.11.25"]
[SourceVersion "1"]
[SourceVersionDate "2003.11.25"]
[SourceQuality "1"]

1. e4 c5 2. Nf3 d6 3. d4 cxd4 4. Qxd4 Nc6 5. Bb5 Bd7 6. Bxc6 Bxc6 7. Nc3 Nf6 8. Bg5 e6 9. 0-0-0 Be7 10. Rhe1 0-0 11. Qd2 Qa5 12. Kb1 Kh8 13. Nd4 Rfc8 14. f3 b5 15. Ncxb5 Qb6 16. Nxc6 Rxc6 17. Nd4 Rc4 18. Nb3 a5 19. Qd3 Rac8 20. Bxf6 Bxf6 21. Qxd6 Rxc2 22. e5 Qxd6 23. Rxd6 a4 24. exf6 axb3 25. fxg7+ Kxg7 26. axb3 Rxg2 27. Rc1 Rxc1+ 28. Kxc1 Rxh2 29. b4 Rh4 30. b5 Rb4 31. b6 h5 32. Kc2 h4 33. Kc3 Rb5 34. b4 h3 35. Kc4 Rxb6 36. Rd2 Rc6+ 37. Kb3 e5 38. Rh2 Rh6 39. Kc4 Kg6 40. b5 Kf5 41. Kc5 Kf4 42. b6 Kg3 43. b7 Rh8 44. Rb2 h2 45. Rb1 Kxf3 46. Kd5 e4 47. Rb3+ e3 48. Kd4 h1Q 49. Rxe3+ Kf4 50. b8Q+ Rxb8 51. Rf3+ Qxf3 0-1

[Event "Internet Section 15-A"]
[Site "Dos Hermanas"]
[Date "2003.03.15"]
[Round "8"]
[White "Llaneza Vega, Patricia"]
[Black "Herman, Diego"]
[Result "0-1"]
[WhiteElo "2314"]
[BlackElo "2212"]
[PlyCount "122"]
[EventDate "2003.03.15"]
[EventType "swiss (blitz)"]
[EventRounds "9"]
[EventCountry "ESP"]
[SourceTitle "EXT 2004"]
[Source "ChessBase"]
[SourceDate "2003.11.25"]
[SourceVersion "1"]
[SourceVersionDate "2003.11.25"]
[SourceQuality "1"]

1. e4 d6 2. d4 Nf6 3. Nc3 g6 4. f4 Bg7 5. Nf3 0-0 6. Bd3 Na6 7. e5 Nd7 8. 0-0 c5 9. exd6 exd6 10. Bxa6 bxa6 11. d5 Rb8 12. Ne4 Nb6 13. Qd3 c4 14. Qa3 Nxd5 15. Nxd6 Nb4 16. Nxc8 Qxc8 17. Qa4 Qc5+ 18. Kh1 Qb5 19. Qxb5 axb5 20. c3 Nd3 21. Rb1 Rfe8 22. Bd2 a5 23. b3 cxb3 24. axb3 Re2 25. c4 b4 26. f5 Bc3 27. Bg5 f6 28. Bh6 g5 29. h4 g4 30. Ng1 Rc2 31. Be3 Re8 32. Bb6 Rb8 33. Ba7 Rb7 34. Be3 Re7 35. Bb6 Re5 36. Rbd1 Nc5 37. Rd8+ Kf7 38. Bxa5 Nxb3 39. Bc7 Re4 40. Rfd1 Nd2 41. c5 b3 42. c6 b2 43. Rb8 b1Q 44. Rdxb1 Nxb1 45. Rxb1 Bd4 46. Bb6 Rxc6 47. Bxd4 Rxd4 48. Ne2 Re4 49. Ng3 Re3 50. Rb7+ Re7 51. Rb8 Rc2 52. Rh8 Kg7 53. Ra8 Rb7 54. Nh5+ Kh6 55. Nxf6 g3 56. Ra1 Rcb2 57. Rd1 Rb1 58. Ng4+ Kh5 59. Ne3 Rxd1+ 60. Nxd1 Rb1 61. f6 Rxd1# 0-1

[Event "Najdorf Memorial Great fin"]
[Site "Buenos Aires"]
[Date "2000.09.09"]
[Round "1.1"]
[White "Bertona, Fernando"]
[Black "Herman, Diego"]
[Result "1-0"]
[WhiteElo "2405"]
[BlackElo "2212"]
[PlyCount "91"]
[EventDate "2000.09.09"]
[EventType "k.o."]
[EventRounds "4"]
[EventCountry "ARG"]
[SourceTitle "CBM 079"]
[Source "ChessBase"]
[SourceDate "2000.11.21"]
[SourceVersion "1"]
[SourceVersionDate "2000.11.21"]
[SourceQuality "1"]

1. e4 e6 2. d4 d5 3. Nd2 dxe4 4. Nxe4 Bd7 5. Nf3 Bc6 6. Bd3 Nd7 7. 0-0 Ngf6 8. Ned2 Be7 9. Re1 0-0 10. Nc4 Bb5 11. a4 Ba6 12. Bg5 c5 13. Ne3 cxd4 14. Nxd4 Bxd3 15. Qxd3 Nc5 16. Qd1 Rc8 17. c3 Nce4 18. Bxf6 Nxf6 19. Qb3 Bc5 20. Rad1 Qb6 21. Qxb6 Bxb6 22. Nb5 Rfd8 23. Nd6 Rb8 24. Ndc4 Bc7 25. Rxd8+ Rxd8 26. Rd1 Rxd1+ 27. Nxd1 Nd5 28. g3 f5 29. Kf1 Kf7 30. Nde3 Ne7 31. Ke2 e5 32. b4 Ke6 33. Nd2 Nd5 34. Nd1 g5 35. Nb3 b6 36. Kd3 h5 37. b5 h4 38. c4 Nf6 39. Ke2 h3 40. f3 g4 41. Nf2 Bd6 42. fxg4 fxg4 43. Nd2 Kf5 44. Nf1 e4 45. Ne3+ Kg5 46. Nd5 1-0

[Event "Buenos Aires Clas Abierto op"]
[Site "Buenos Aires"]
[Date "2000.08.26"]
[Round "8"]
[White "Lafuente, Pablo"]
[Black "Herman, Diego"]
[Result "1/2-1/2"]
[WhiteElo "2291"]
[BlackElo "2212"]
[PlyCount "49"]
[EventDate "2000.08.19"]
[EventType "swiss"]
[EventRounds "9"]
[EventCountry "ARG"]
[SourceTitle "EXT 2001"]
[Source "ChessBase"]
[SourceDate "2000.11.22"]
[SourceVersion "1"]
[SourceVersionDate "2000.11.22"]
[SourceQuality "1"]

1. d4 d5 2. Nf3 c6 3. g3 Bf5 4. Bg2 Nf6 5. 0-0 e6 6. Nbd2 Ne4 7. Ne5 Nxd2 8. Qxd2 Nd7 9. Nd3 h5 10. Qe1 h4 11. c3 Bd6 12. e4 Bxe4 13. Bxe4 dxe4 14. Qxe4 hxg3 15. fxg3 Qa5 16. Bf4 Qh5 17. Qg2 Be7 18. Bc7 Rc8 19. Be5 f6 20. Bf4 Qd5 21. Rae1 Kf7 22. Qe4 Rh5 23. a3 c5 24. Qxd5 Rxd5 25. Be3 1/2-1/2